000 00426nam a2200181Ia 4500
008 230524s9999 xx 000 0 und d
020 _a007463271X
082 _a4
_bMOR
100 _aRachel Morgan
245 0 _aIntroducing UNIX System - V
250 _a1ST
260 _aNEW DELHI
_bTMH
_c2005
300 _aXXII;595
500 _aQuantity Number: 2
650 _aComp-Sc
700 _a Henry Megilton
942 _cBK
999 _c34269
_d34269